Handbook of Basic Tables for Chemical Analysis
| Main Authors: | , |
|---|---|
| Format: | Section = Libro |
| Language: | Undetermined Spanish |
| Published: |
United States
CRC
1989
|
| Subjects: |
| LEADER | 00590nam a2200217Ia 4500 | ||
|---|---|---|---|
| 008 | 240830s9999 xx 000 0 und d | ||
| 020 | |a 0-8493-3935-9 | ||
| 040 | |a CEDOC FIQ-RUSB / 543 B898 | ||
| 041 | |a spa | ||
| 082 | |a 543 B898 | ||
| 100 | 1 | |a Bruno, Thomas J. | |
| 100 | 1 | |b Svoronos, Paris D. N. | |
| 245 | 1 | 0 | |a Handbook of Basic Tables for Chemical Analysis |
| 260 | |a United States |b CRC |c 1989 | ||
| 300 | |a 517 p.: il. | ||
| 650 | 7 | |a QUIMICA ANALITICA | |
| 650 | 7 | |b CROMATOGRAFÍA DE GASES | |
| 650 | 7 | |c CROMATOGRAFÍA DE CAPA FINA | |
| 942 | |c BK |2 ddc | ||
| 991 | |a TEXTO | ||
| 999 | |c 13678 | ||